Acoustic design of school buildings (Record no. 102669)
[ view plain ]
| 000 -LEADER | |
|---|---|
| fixed length control field | 01238cam a2200241 4500 |
| 008 - FIXED-LENGTH DATA ELEMENTS--GENERAL INFORMATION | |
| fixed length control field | 030228n2003 000 0 eng u |
| 020 ## - INTERNATIONAL STANDARD BOOK NUMBER | |
| International Standard Book Number | 0112711057 |
| 035 ## - SYSTEM CONTROL NUMBER | |
| System control number | (Sirsi) u121464 |
| 041 ## - LANGUAGE CODE | |
| Language code of text/sound track or separate title | eng |
| 110 ## - MAIN ENTRY--CORPORATE NAME | |
| Corporate name or jurisdiction name as entry element | Department for Education and Skills |
| 9 (RLIN) | 4413 |
| 245 ## - TITLE STATEMENT | |
| Title | Acoustic design of school buildings |
| 260 ## - PUBLICATION, DISTRIBUTION, ETC. | |
| Place of publication, distribution, etc. | London |
| Name of publisher, distributor, etc. | DfES |
| Date of publication, distribution, etc. | 2003 |
| 490 ## - SERIES STATEMENT | |
| Series statement | DfES Building Bulletin |
| Volume/sequential designation | 93 |
| 520 ## - SUMMARY, ETC. | |
| Summary, etc. | Aims to provide a comprehensive guide to acoustics in the design of new school buildings. It gives the performance targets for compliance with the Building Regulations 2000 Approved Document E (2003 Edition) Requirement E4 that 'Each room or other space in a school building shall have the acoustic conditions and the insulation against disturbance by noise appropriate to its normal use'. View at www.teachernet.gov.uk/acoustics. |
| 650 ## - SUBJECT ADDED ENTRY--TOPICAL TERM | |
| Topical term or geographic name entry element | BUILT ENVIRONMENT-CONSTRUCTION DESIGN-ACOUSTICS |
| 650 ## - SUBJECT ADDED ENTRY--TOPICAL TERM | |
| Topical term or geographic name entry element | BUILDING REGULATIONS 2000 APPROVED DOCUMENT E (2003 EDITION) |
| 650 ## - SUBJECT ADDED ENTRY--TOPICAL TERM | |
| Topical term or geographic name entry element | CLASSROOMS |
| 650 ## - SUBJECT ADDED ENTRY--TOPICAL TERM | |
| Topical term or geographic name entry element | SCHOOL BUILDINGS |
| 650 ## - SUBJECT ADDED ENTRY--TOPICAL TERM | |
| Topical term or geographic name entry element | SCHOOLS |
| 690 ## - LOCAL SUBJECT ADDED ENTRY--TOPICAL TERM (OCLC, RLIN) | |
| Topical term or geographic name as entry element | BUILT ENVIRONMENT-CONSTRUCTION DESIGN |
| 856 ## - ELECTRONIC LOCATION AND ACCESS | |
| Uniform Resource Identifier | <a href="https://www.teachernet.gov.uk/accoustics">https://www.teachernet.gov.uk/accoustics</a> |
| Public note | View the Teachernet acoustic design of schools web page... |
| 942 ## - ADDED ENTRY ELEMENTS (KOHA) | |
| Suppress in OPAC | 0 |
| Withdrawn status | Lost status | Source of classification or shelving scheme | Damaged status | Not for loan | Home library | Current library | Shelving location | Date acquired | Total Checkouts | Full call number | Barcode | Date last seen | Copy number | Price effective from | Koha item type |
|---|---|---|---|---|---|---|---|---|---|---|---|---|---|---|---|
| Dewey Decimal Classification | Virtual | Virtual | Online | 09/06/2003 | ONLINE PUBLICATION | 121464-2001 | 06/08/2019 | 1 | 06/08/2019 | Book |